000 00246nam a22000977a 4500
040 _cSCME
100 _aShuyou,yuan
_991444
245 _aChina'sbeidou navigation satellite system(a pillar of the great power)
300 _a221p.
942 _2ddc
_cBK
999 _c589558
_d589558